00251nam a2200097Ia 4500008004100000041000800041082001600049100001600065245003400081260003800115230627s9999 xx 000 0 und d aeng a346.08bBAN aBansal B. L aDigest On Dishonour Of Cheque aNew DelhibKamal Publishersc1995